[Bloons TD] Bloons TD 5 Quiz - Statistics

General Stats
  • This quiz has been taken 162 times
  • The average score is 31 of 73
Answer Stats
Group Answer % Correct
Name All the Towers Dart Monkey
93%
Name All the Towers Super Monkey
84%
Name All the Bloon Color/Types Blue
79%
Name All the Bloon Color/Types Red
79%
Name All the Towers Boomerang Thrower
77%
Name All the Bloon Color/Types White
77%
Name All the Bloon Color/Types Green
76%
Name All the Towers Tack Shooter
76%
Name All the Bloon Color/Types Yellow
76%
Name All the Bloon Color/Types Black
75%
Name All the Bloon Color/Types Pink
75%
Name All the Towers Ninja Monkey
74%
Name All the Bloon Color/Types Rainbow
74%
Name All the Bloon Color/Types Ceramic
73%
Name All the Bloon Color/Types MOAB
72%
Name All the Bloon Color/Types Lead
70%
Name All the Bloon Color/Types Zebra
70%
Name All the Towers Sniper Monkey
69%
Name All the Bloon Color/Types ZOMG
68%
Name All the Towers Glue Gunner
66%
Name All the Towers Banana Farm
63%
Name All the Bloon Color/Types BFB
62%
Name All the Towers Bomb Tower
62%
Name All the Towers Dartling Gun
61%
Name All the Towers Monkey Village
61%
Name All the Towers Ice Tower
59%
Name All the Towers Monkey Apprentice
59%
Name All the Towers Spike Factory
59%
Name All the Bloon Color/Types Camo
58%
Name All the Towers Monkey Sub
58%
Name All the Towers Monkey Ace
54%
Name All the Towers Monkey Buccaneer
54%
Name All the Towers Bloonchipper
53%
Name All the Towers Monkey Engineer
49%
Tier 4 Active Abilities Super Monkey Fan Club
47%
Name All the Towers Heli-Pilot
46%
Name All the Towers Mortar Tower
39%
Name the Consumable Towers Road Spikes
36%
Name All the Bloon Color/Types Regen
35%
Name the Consumable Towers Exploding Pineapple
30%
Tier 4 Active Abilities Supply Drop
30%
Tier 4 Active Abilities Blade Maelstrom
29%
Tier 4 Active Abilities Summon Phoenix
28%
Tier 4 Active Abilities MOAB Assassin
27%
Tier 4 Active Abilities Turbo Charge
27%
Tier 4 Active Abilities Overclock
26%
Name All the Special Agents Beekeeper
25%
Tier 4 Active Abilities Ground Zero
25%
Tier 4 Active Abilities Technological Terror
25%
Name All the Special Agents Super Monkey Storm
24%
Name All the Special Agents Pontoon
22%
Name All the Special Agents Tribal Turtle
22%
Tier 4 Active Abilities Absolute Zero
21%
Name All the Special Agents Bloonsday Device
21%
Tier 4 Active Abilities Spike Storm
21%
Name All the Special Agents Monkey Farmer
20%
Name All the Special Agents Portable Lake
20%
Name All the Special Agents Meerkat Spy
19%
Name All the Special Agents Bloonberry Bush
18%
Name All the Special Agents Angry Squirrel
17%
Tier 4 Active Abilities First Strike Capability
17%
Tier 4 Active Abilities Monkey Pirates
16%
Tier 4 Active Abilities Sabotage Supply Lines
13%
Tier 4 Active Abilities MIB Call to Arms
12%
Tier 4 Active Abilities Supa-Vac
11%
Name All the Special Agents Radadactyl
10%
Tier 4 Active Abilities Support Chinook
10%
Tier 4 Active Abilities Artillery Battery
9%
Tier 4 Active Abilities Bloon Area Denial System
8%
Tier 4 Active Abilities Glue Striker
8%
Tier 4 Active Abilities Banana Investments Advisory
3%
Name All the Special Agents Mad Snowman
3%
Name All the Special Agents Watermelon Spitter
3%
No matching quizzes found
Score Distribution
Percent of People with Each Score
Percentile by Number Answered
Your Score History
You have not taken this quiz